| Tag |
First Indicator |
Second Indicator |
Subfields |
| LEADER |
00000cas a2200000 a 4500 |
| 001 |
in00002011313 |
| 005 |
20151031150710.0 |
| 008 |
040928c20029999dcuar f1 0eng d |
| 010 |
|
|
|a 2004231929
|
| 035 |
|
|
|a (OCoLC)ocm56586356
|
| 037 |
|
|
|b U.S. Army Center of Military History, Collins Hall, 103 3rd Ave., Fort Lesley J. McNair, Washington, D.C. 20319-5058
|
| 040 |
|
|
|a SEN
|c SEN
|d GPO
|d DLC
|d MvI
|d UtOrBLW
|
| 042 |
|
|
|a lcd
|
| 043 |
|
|
|a n-us---
|
| 049 |
|
|
|a UDOC
|
| 050 |
0 |
4 |
|a UA10.5
|b .D93
|
| 074 |
|
|
|a 0344
|
| 086 |
0 |
|
|a D 114.2:EI 8/2/
|
| 111 |
2 |
|
|a Dwight D. Eisenhower National Security Conference.
|
| 245 |
1 |
0 |
|a Dwight D. Eisenhower National Security Conference.
|
| 246 |
1 |
4 |
|a Compendium
|
| 264 |
|
1 |
|a [Washington, D.C.?] :
|b [Military History Center]
|
| 300 |
|
|
|a volumes :
|b illustrations, portraits ;
|c 24 cm.
|
| 310 |
|
|
|a Annual
|
| 336 |
|
|
|a text
|b txt
|2 rdacontent
|
| 337 |
|
|
|a unmediated
|b n
|2 rdamedia
|
| 338 |
|
|
|a volume
|b nc
|2 rdacarrier
|
| 362 |
1 |
|
|a Began with 2002.
|
| 490 |
1 |
|
|a CMH pub
|
| 500 |
|
|
|a Description based on: 2003.
|
| 650 |
|
0 |
|a National security
|z United States
|v Congresses.
|
| 651 |
|
0 |
|a United States
|x Armed Forces
|x Reorganization
|v Congresses.
|
| 650 |
|
0 |
|a National security
|x Economic aspects
|z United States
|v Congresses.
|
| 650 |
|
0 |
|a Security, International
|v Congresses.
|
| 710 |
2 |
|
|a Center of Military History.
|
| 830 |
|
0 |
|a CMH pub.
|
| 999 |
|
|
|a MARS
|
| 999 |
f |
f |
|s 153fe181-e057-30a0-b061-aa084f7b7740
|i 04ef5c39-da4e-31e5-8760-b55994d2a8de
|t 0
|
| 952 |
f |
f |
|p normal
|a Texas A&M University
|b College Station
|c Sterling C. Evans Library
|d Evans: US Documents (Annex 5th floor)
|t 0
|e D 114.2:EI 8/2/
|h Superintendent of Documents classification
|i unmediated -- volume
|k 2003
|m A14832127356
|
| 952 |
f |
f |
|p normal
|a Texas A&M University
|b College Station
|c Sterling C. Evans Library
|d Evans: US Documents (Annex 5th floor)
|t 0
|e D 114.2:EI 8/2/
|h Superintendent of Documents classification
|i unmediated -- volume
|k 2005
|m A14830578454
|
| 998 |
f |
f |
|a D 114.2:EI 8/2/
|s 2002-2003,2005
|t 0
|l Evans: US Documents (Annex 5th floor)
|